000 00696nam a2200217 a 4500
001 72234
003 BD-RjUL
005 20211209082229.0
008 840604s1971 xx a 000 0 ger
035 _a(BD-RjUL)72451
040 _aDLC
_cCarP
_dDLC
_beng
041 _aeng
082 _223
_a572.6
_bDIS 1969
100 1 _aDickerson, Richard Earl. [from old catalog]
_9213601
245 1 0 _aThe structure and action of proteins /
_cRichard Earl Dickerson; Irving Geis
260 _aWeinheim/Bergstrasse :
_bVerlag Chemie,
_c1969
300 _aviii, 120 p. :
_bill. ;
_c28 cm.
650 0 _aProteins.
_9213602
700 1 _aGeis, Irving, [from old catalog]
_ejoint author.
_9213603
942 _2ddc
_cBK
999 _c72234
_d72234